La Discrecionalitat de les corporacions locals en la resolució de les licitacions per concurs : comentari a la sentència de la Sala IV del Tribunal Suprem, del dia 31 de març de 1982 / per Jaume Sánchez Isac = La Discrecionalidad de las corporaciones locales en la resolución de las licitaciones por concurso : comentario a la sentencia de la Sala IV del Tribunal Supremo, del día 31 de marzo de 1982 / por Jaime Sánchez Isac comentari a la sentència de la Sala IV del Tribunal Suprem, del dia 31 de març de 1982 / per Jaume Sánchez Isac = La Discrecionalidad de las corporaciones locales en la resolución de las licitaciones por concurso :
MARC
| LEADER | 00000nam a2200000Ia 4500 | ||
|---|---|---|---|
| 001 | 14416 | ||
| 008 | 160829s1983 xx 000 0 cat d | ||
| 080 | |a M-4-233 | ||
| 100 | 1 | |a Sánchez Isac, Jaime |9 85 | |
| 245 | |a La Discrecionalitat de les corporacions locals en la resolució de les licitacions per concurs : |b comentari a la sentència de la Sala IV del Tribunal Suprem, del dia 31 de març de 1982 / per Jaume Sánchez Isac = La Discrecionalidad de las corporaciones locales en la resolución de las licitaciones por concurso : |b comentario a la sentencia de la Sala IV del Tribunal Supremo, del día 31 de marzo de 1982 / por Jaime Sánchez Isac | ||
| 260 | |a Barcelona : |b Federació de Col·legis de Secretaris, Interventors i Dipositaris d'Administració Local de Catalunya, |c 1983 | ||
| 300 | |a 44, 44 p. ; |c 23 cm | ||
| 590 | |a Text capiculat català-castellà. | ||
| 590 | |a Referències bibliogràfiques | ||
| 650 | |a Contractes administratius |x Espanya |9 23438 | ||
| 650 | |a Municipis |x Govern i administració |x Espanya |9 23379 | ||
| 710 | |a Espanya. |b Tribunal Supremo |9 11386 | ||
| 901 | |a Arxiu | ||
| 942 | |n 1 | ||
| 952 | |0 0 |1 0 |4 0 |6 M4233 |7 1 |9 44470 |a Arxiu |b Arxiu |d 2016-12-01 |l 0 |o M-4-233 |p 14416 |r 2016-12-01 00:00:00 |w 2016-12-01 |y ARXIU | ||
| 999 | |c 47051 |d 47051 | ||